Trigonometría plana y esférica: con tablas trigonométricas

Guardat en:
Dades bibliogràfiques
Autor principal: Granville, William Anthony (Autor)
Format: Llibre
Idioma:espanyol
Publicat: Ciudad de México Limusa 2001
Matèries:
Etiquetes: Afegir etiqueta
Sense etiquetes, Sigues el primer a etiquetar aquest registre!

MARC

LEADER 00000nam a2200000 a 4500
001 UCL3113
003 CL-VaPUC
008 031114e20010000MX |||||||||||||||||spa|d
020 |a 9681841239 
082 0 4 |a 516.24  |b GRA  |2 21 
100 |a Granville, William Anthony  |e author  |9 483222 
245 1 0 |a Trigonometría plana y esférica: con tablas trigonométricas 
300 |a 469 p 
942 |c BK 
945 |d 20031114 00:00:00  |a cmena 
260 |a Ciudad de México  |b Limusa  |c 2001 
650 0 |a Trigonometría   |9 259568 
650 0 |a Logaritmos  |9 260266 
650 7 |a TRIGONOMETRIA PLANA  |2 CL-VaPUC  |9 265659 
650 0 |a Funciones trigonométricas   |9 421678 
650 7 |a TRIGONOMETRIA ESFERICA  |2 CL-VaPUC  |9 265660 
650 7 |a TABLAS LOGARITMICAS  |2 CL-VaPUC  |9 480337 
583 |a last modification  |c 20031114 00:00:00  |k Rodrigo Vera 
999 |c 306244  |d 306242 
952 |0 0  |1 0  |4 0  |6 516_240000000000000_GRA_2001  |7 0  |8 A  |9 371113  |a BIBMAT  |b BIBMAT  |d 2019-11-21  |i 3963659  |o 516.24 GRA 2001  |p 3963659  |r 2025-01-07  |w 2019-11-21  |y BK  |k MAT